Bases y condiciones del conocimiento

Guardat en:
Dades bibliogràfiques
Autor principal: Scheffler, Israel (Autor)
Format: Llibre
Idioma:espanyol
Publicat: Buenos Aires Paidós 1970
Col·lecció:Biblioteca del educador contemporáneo, 15
Matèries:
Etiquetes: Afegir etiqueta
Sense etiquetes, Sigues el primer a etiquetar aquest registre!

MARC

LEADER 00000nam a2200000 a 4500
001 UCY6881
003 CL-VaPUC
008 950602e19700000AG |||||||||||||||||spa|d
082 0 4 |a 121  |b SCH  |2 21 
100 0 |a Scheffler, Israel  |e author  |9 337007 
245 1 0 |a Bases y condiciones del conocimiento 
300 |a 146 p 
942 |c BK 
945 |d 19950602 00:00:00  |a mfernand 
260 |a Buenos Aires  |b Paidós  |c 1970 
650 7 |a CONOCIMIENTO  |2 CL-VaPUC  |9 308991 
650 0 |a Epistemología   |9 264994 
650 0 |a Educación  |9 258661 
650 0 |a Cognición   |9 270347 
650 0 |a Verdad  |9 313815 
650 0 |a Pruebas  |9 256249 
650 0 |a Creencia  |9 334586 
650 7 |a HABILIDAD  |2 CL-VaPUC  |9 337008 
583 |a last modification  |c 19950602 00:00:00  |k Rodrigo Vera 
490 0 |a Biblioteca del educador contemporáneo, 15 
999 |c 234370  |d 234368 
952 |0 0  |1 0  |4 0  |6 121_000000000000000_SCH_1970  |7 0  |8 P  |9 240552  |a BIBEDU  |b BIBEDU  |c BIBEDU_PB  |d 2019-11-18  |i 1511734  |o 121 SCH 1970  |p 1511734  |r 2024-01-25  |w 2019-11-18  |y BK  |k EDU 
952 |0 0  |1 0  |4 0  |6 121_000000000000000_SCH_1970  |7 0  |8 P  |9 240553  |a BIBEDU  |b BIBEDU  |c BIBEDU_PB  |d 2019-11-18  |i 1511750  |o 121 SCH 1970  |p 1511750  |r 2024-01-25  |w 2019-11-18  |y BK  |k EDU 
952 |0 0  |1 0  |4 0  |6 121_000000000000000_SCH_1970  |7 0  |8 A  |9 240554  |a BIBHIS  |b BIBHIS  |d 2019-11-18  |i 3879496  |l 1  |o 121 SCH 1970  |p 3879496  |r 2025-04-10  |s 2025-04-10  |w 2019-11-18  |y BK  |k HIS